Normal view
MARC view
- DIGITAL COMMUNICAITONS - FUNDAMENTALS AND APPLICAITONS
Entry Topical Term
001 - CONTROL NUMBER
- control field: 76582
003 - CONTROL NUMBER IDENTIFIER
- control field: NUST
005 - DATE AND TIME OF LATEST TRANSACTION
- control field: 20210628205655.0
008 - FIXED-LENGTH DATA ELEMENTS
- fixed length control field: 210628|| aca||aabn | a|a d
040 ## - CATALOGING SOURCE
- Original cataloging agency: NUST
- Transcribing agency: NUST
150 ## - HEADING--TOPICAL TERM
- Topical term or geographic name entry element: DIGITAL COMMUNICAITONS - FUNDAMENTALS AND APPLICAITONS
670 ## - SOURCE DATA FOUND
- Source citation: Work cat.: (NUST): Sklar, Bernard 694, Digital communicaitons,fundamentals and applicaitons, 2015
